000 01156nam a2200277 a 4500
001 1518554
003 CO-ViMGA
005 20230915233614.0
008 161019s2016 ck a gr 00011 eng d
020 _a9789588662824
040 _aCO-ViMGA
_bspa
_cCO-ViMGA
043 _ae-sp---
082 0 4 _a860.4
_bR65e1
_221
100 1 _aRomǹ, Celso,
_d1947-
_91117
245 1 4 _aExpedición La Mancha /
_cCelso Romaǹ ; ilustrador Samuel Castaño.
260 _aBogota :̀
_bPenguin Random House Grupo Editorial,
_c2016.
300 _a63 páginas :
_bilustraciones ;
_c21 cm.
500 _aGlosario : p. 62-63.
600 1 4 _aCervantes Saavedra, Miguel de,
_d1547-1616.
_tEl ingenioso Hidalgo Don Quijote de la Mancha
_x Adaptaciones juveniles.
_91118
600 1 4 _aCervantes Saavedra, Miguel de,
_d1547-1616.
_tEl ingenioso Hidalgo Don Quijote de la Mancha
_x Crt̕ica e interpretacin̤.
_91119
650 1 4 _aAmistad
_v Literatura juvenil.
_91121
650 1 4 _aDon Quijote (Personaje ficticio)
_v Literatura juvenil.
_91120
650 1 4 _aHistorias de aventuras.
_91122
700 1 _aCastaño Mesa, Samuel,
_d1988-,
_eilustrador.
_91123
942 _2ddc
_cBK
999 _c37361
_d37361